000 00437nam a2200157 4500
001 111778
003 ES-MaACL
005 20230906185347.0
007 t|
008 061121s1922 ag r ||||1| spa d
100 1 _aGonzález, J. Natalicio.
_958323
245 1 0 _aCuentos y parábolas /
_cJ.Natalicio González.
260 _aBuenos Aires :
_bEdiciones Monte Domeg,
_c1922.
300 _a128 p. ;
_c19 cm.
852 _aES-MaACL
_jG-3532
999 _c111778
_d111778